<?xml version="1.0" encoding="utf-8"?>
<?xml-stylesheet type='text/xsl' href='./oai2.xsl'?>
<OAI-PMH xmlns="http://www.openarchives.org/OAI/2.0/" xmlns:xsi="http://www.w3.org/2001/XMLSchema-instance" xsi:schemaLocation="http://www.openarchives.org/OAI/2.0/ http://www.openarchives.org/OAI/2.0/OAI-PMH.xsd">
  <responseDate>2026-06-07T06:47:09Z</responseDate>
  <request verb="GetRecord" metadataPrefix="marcxml" identifier="record_kuniweb_1386189">https://kulturerbe.niedersachsen.de/oai</request>
  <GetRecord>
    <record>
      <header>
        <identifier>record_kuniweb_1386189</identifier>
        <datestamp>2024-04-10T10:39:58Z</datestamp>
        <setSpec>slg0221</setSpec>
      </header>
      <metadata>
        <marc:record xmlns:marc="http://www.loc.gov/MARC21/slim" xsi:schemaLocation="http://www.loc.gov/MARC21/slim http://www.loc.gov/standards/marcxml/schema/MARC21slim.xsd">
          <marc:leader>12345nkm  22     uu 4500</marc:leader>
          <marc:controlfield tag="001">1386189</marc:controlfield>
          <marc:controlfield tag="003">http://kuniweb.gbv.de</marc:controlfield>
          <marc:controlfield tag="005">2022-04-07T15:47:15</marc:controlfield>
          <marc:controlfield tag="008">|           ||||||||||||||||||||||</marc:controlfield>
          <marc:datafield tag="245" ind1="1" ind2="0">
            <marc:subfield code="a">K. O. Matthaei: Ernte bei Berensch (um 1920)</marc:subfield>
          </marc:datafield>
          <marc:datafield tag="700" ind1="1" ind2=" ">
            <marc:subfield code="a">Matthaei</marc:subfield>
            <marc:subfield code="d">* 30.11.1863 † 19.12.1931</marc:subfield>
            <marc:subfield code="e">MalerIn</marc:subfield>
          </marc:datafield>
          <marc:datafield tag="655" ind1=" " ind2="7">
            <marc:subfield code="a">Malerei</marc:subfield>
          </marc:datafield>
          <marc:datafield tag="046" ind1=" " ind2=" ">
            <marc:subfield code="k">1920</marc:subfield>
            <marc:subfield code="k">ca. 1920</marc:subfield>
          </marc:datafield>
          <marc:datafield tag="260" ind1=" " ind2=" ">
            <marc:subfield code="g">1920</marc:subfield>
            <marc:subfield code="g">ca. 1920</marc:subfield>
          </marc:datafield>
          <marc:datafield tag="300" ind1=" " ind2=" ">
            <marc:subfield code="a">Höhe: 50 cm (Leinwand)
Breite: 69 cm (Leinwand)</marc:subfield>
          </marc:datafield>
          <marc:datafield tag="520" ind1=" " ind2=" ">
            <marc:subfield code="a">Getreidehocken in weiter norddeutscher Landschaft unter sommerlich bewölktem Himmel. Mittig im Mittelgrund ein beladener Erntewagen. Gerahmt. (O. Rennebeck 12/2020)

Aufkleber/Etikett:
Karl Otto Matthaei Bremen Bleicherstr. 55 Ernte N 7 M 250,- (Vom Künstler handschriftlich gefertigtes Etikett, verso am Keilrahmen)

Aufschrift:
"K. O. Matthaei" (Signatur recto u. li.)

Aufschrift:
bei Berensch (verso mittig mit Bleistift auf Keilrahmen)

Beschrieben in:
Olaf Rennebeck, Neues aus den Sammlungen, mit_teilungen der Kranichhaus-Gesellschaft Otterndorf e.V., 23/2022, S.22.

Literatur in Zusammenhang:
P. Bussler, „Historisches Lexikon der bildenden Künstler für Cuxhaven und Umgebung : mit 19 gesammelten Künstleraufsätzen des Autors. Sonderveröffentlichungen des Heimatbundes der Männer vom Morgenstern ; N.R., 41“. Heimatbund der Männer vom Morgenstern, Bremerhaven, 2004. (S. 229)

Literatur in Zusammenhang:
P. Bussler, „Malerparadies auf Zeit : Duhnen - Altenwalde - Altenbruch ; Karlsruher Künstler entdecken d. Reiz d. Küstenlandschaft. Veröffentlichung im Rahmen des Archives der Stadt Cuxhaven ; Nr. 11“. Verl.-Ges. Cuxhaven, Cuxhavener Nachrichten, Cuxhaven, 1986. (S. 97)

Literatur in Zusammenhang:
P. Bussler, „100 Jahre Cuxhavener Malerkolonie : 1895 - 1995 ; Duhnen, Altenwalde, Altenbruch ; Karlsruher Künstler entdecken den Reiz der Küstenlandschaft. Cuxhavener Malerkolonie“. Verl.-Ges. Cuxhavener Nachrichten, Cuxhaven, 1995. (S. 42, 90, 99)</marc:subfield>
          </marc:datafield>
          <marc:datafield tag="650" ind1="1" ind2=" ">
            <marc:subfield code="a">Malerei &gt; Ölbild</marc:subfield>
          </marc:datafield>
          <marc:datafield tag="650" ind1="1" ind2=" ">
            <marc:subfield code="a">Malerei</marc:subfield>
          </marc:datafield>
          <marc:datafield tag="650" ind1="1" ind2=" ">
            <marc:subfield code="a">Berensch</marc:subfield>
          </marc:datafield>
          <marc:datafield tag="773" ind1="0" ind2=" ">
            <marc:subfield code="t">Sammlung "Kulturerbe" im Kranichhaus</marc:subfield>
          </marc:datafield>
          <marc:datafield tag="852" ind1=" " ind2=" ">
            <marc:subfield code="a">Archiv des Landkreises Cuxhaven</marc:subfield>
          </marc:datafield>
          <marc:datafield tag="" ind1=" " ind2=" ">
            <marc:subfield code="a">Namensnennung - Nicht kommerziell - Keine Bearbeitungen 4.0 International (CC BY-NC-ND 4.0)</marc:subfield>
          </marc:datafield>
        </marc:record>
      </metadata>
    </record>
  </GetRecord>
</OAI-PMH>
